ბათუმის შოთა რუსთაველის სახელმწიფო უნივერსიტეტის ბიბლიოთეკა

Prisoners of Geography : (ბიბ.ჩანაწერი № 58350)

000 -LEADER
fixed length control field 00895nam a22002537a 4500
005 - DATE AND TIME OF LATEST TRANSACTION
control field 20211118160149.0
008 - FIXED-LENGTH DATA ELEMENTS--GENERAL INFORMATION
fixed length control field 211118s enk||||| |||| 00| 0 eng d
041 ## - LANGUAGE CODE
Language code of text/sound track or separate title eng
080 ## - UNIVERSAL DECIMAL CLASSIFICATION NUMBER
Universal Decimal Classification number 327(100) M-34
100 ## - MAIN ENTRY--PERSONAL NAME
Personal name Marshall, Tim
9 (RLIN) 12956
245 ## - TITLE STATEMENT
Title Prisoners of Geography :
Remainder of title Ten Maps That Explain Everything About the World /
Statement of responsibility, etc. Tim Marshall.
264 ## - PRODUCTION, PUBLICATION, DISTRIBUTION, MANUFACTURE, AND COPYRIGHT NOTICE
Place of production, publication, distribution, manufacture New York :
Name of producer, publisher, distributor, manufacturer Scribner,
Date of production, publication, distribution, manufacture, or copyright notice 2016.
300 ## - PHYSICAL DESCRIPTION
Extent 305 p. ;
Dimensions 24 cm.
500 ## - GENERAL NOTE
General note Bibl. p. : 281-286 ; Index. p. : 287-305
653 ## - INDEX TERM--UNCONTROLLED
keyword Prisoners of Geography
653 ## - INDEX TERM--UNCONTROLLED
keyword Ten Maps That Explain Everything About the World
653 ## - INDEX TERM--UNCONTROLLED
keyword საერთაშორისო ურთიერთობები
653 ## - INDEX TERM--UNCONTROLLED
keyword ისტორია
653 ## - INDEX TERM--UNCONTROLLED
keyword გეოგრაფია
653 ## - INDEX TERM--UNCONTROLLED
keyword История
653 ## - INDEX TERM--UNCONTROLLED
keyword География
653 ## - INDEX TERM--UNCONTROLLED
keyword Международные отношения
942 ## - ADDED ENTRY ELEMENTS (KOHA)
Source of classification or shelving scheme
Koha item type წიგნი
ეგზემპლარები
Withdrawn status Lost status Source of classification or shelving scheme Damaged status Not for loan Permanent Location Current Location Shelving location Date acquired Cost, normal purchase price Full call number Barcode Date last seen Copy number Price effective from Koha item type Public note
          ბათუმის შოთა რუსთაველის სახელმწიფო უნივერსიტეტის მთავარი ბიბლიოთეკა ბათუმის შოთა რუსთაველის სახელმწიფო უნივერსიტეტის მთავარი ბიბლიოთეკა წიგნსაცავი 2021-11-18 49.00 327(100) M-34 55444 2021-11-18 55444 2021-11-18 წიგნი 49.00 GEL.